Chapitre 2 : Les sens et l’anatomie du chat - Statistiques

Statistiques générales
  • Ce quiz a été pris 42 fois
  • Le résultat moyen est 13 sur 20
Statistiques - réponses
Question Réponse % Correct
Les coussinets du chat l’aide à évaluer les textures et les températures du sol Vrai
96%
Le chat ne voit pas bien de… Près
89%
Le chat peut entendre un vaste gamme de sons, même ceux très faible Vrai
89%
L’odorat du chat est aussi développée que celle du chien Faux
82%
Il s’agit du mécanisme servant à broyer les aliments. La mastication
82%
Le chat utilise ses vibrisses pour capter les déplacements d’air Vrai
79%
Le chat ne possède pas de papilles gustatives Faux
75%
Par quoi se termine le processus de digestion ? Le côlon
71%
La température corporelle du chat est de… 38.5°C
68%
À quoi sert l’organe de Jacobson ? À mieux percevoir les phéromones
61%
Le système urinaire du chat est composé de… De la vessie, des reins et de l’urètre
61%
Le brossage de dents régulier ne peut pas prévenir le développement des maladies dentaires chez le chat Faux
61%
Le chat possède 4 griffes aux pattes avants Faux
61%
Les dents du chaton poussent vers ses… 2 semaines
57%
Le pH urinaire à l’intérieur de la vessie du chat doit se situer entre…pour maintenir une bonne santé. 6.0 et 6.5
46%
Les dents du chat adulte apparaissent vers ses… 12 semaines
43%
Le chat possède 5 sens Faux
43%
Combien d’os possède le chat en général ? 250
39%
La fréquence cardiaque du chat se situe entre… 110-140 battements/minute
32%
Le chat voit bien dans l’obscurité complète Faux
32%
Aucun quiz correspondant
Distribution des résultats
% des personnes avec chaque résultat
Percentile par nombre de réponses
Votre historique - résultats
Vous n’avez pas pris ce quiz